000 00369nam a22001337a 4500
003 SGT
020 _a8173152683
082 _a200
_bL99S
100 _aशर्मा, मनु
245 _aलाक्षागृह :कृष्ण की आत्मकथा
260 _b प्रभात प्रकाशन
_c1999
300 _a341
942 _2ddc
_cBK
999 _c31669
_d31669